000 00773nam a2200193Ia 4500
003 IN-BaIIA
008 211028s9999 xx 000 0 eng d
020 _a5-02-024566-6
040 _cIIA Library
080 _a524.3-334.7
_bMAG
100 _aGlagolevskij, Yu V.
_916986
111 _aInternational Meeting on the Problem Physics and Evolution of Stars
_cLeningrad
_d1987 Oct. 12-17
_916987
245 0 _aMagnetic stars
_bproceedings of international meeting on the problem physics and evolution of stars, held in Leningrad, 12-17 Oct 1987
_cYu V Glagolevskij
260 _aLeningrad
_bNauka Publishing
_c1988
300 _a328p.
650 _aAstronomy and astrophysics thesaurus
650 _aMagnetic stars
_95410
942 _cBK
999 _c10030
_d10030